书目信息

书名: 滋补养生炖品 
作者: 梁淑[ying]
出版信息: 北京   中国轻工业出版社  2001
开本页数: 19×22cm  84页
丛书名: 健康人新食谱
单 册:
中图分类: TS972.1
科图分类:
主题词: 保健--菜谱 , 烹饪
电子资源:
ISBN: 7-5019-3143-7
000 00814nam 2200265 450
001 283
005 20050114133958.96
010    @a7-5019-3143-7@dCNY18.00
100    @a20050114d2001 km y0chiy0120 ea
101 @achi
102    @aCN@b110000
105    @aa z 000yy
106    @ar
200 @a滋补养生炖品@Azi bu yang sheng dun pin@f梁淑[ying]著@Fliang shu[ying]zhu
210    @a北京@c中国轻工业出版社@d2001
215    @a84页@c图@d19×22cm
225 @a健康人新食谱
330    @a本书收有《熟地当归煲乳鸽》、《党参炖乌鸡》、《姜母鸭》、《人参排骨汤》、《白果煲牛尾》、《冰糖燕窝》等滋补养生菜谱。
461  0 @12001 @a健康人新食谱
606 @a保健@x菜谱
606 @a烹饪
690    @aTS972.1@v4
701  0 @a梁淑[ying]@Aliang shu[ying]@4著
801  0 @aCN@bRULIN@c20050114
905    @dTS972.1@e67
    
    滋补养生炖品/梁淑[ying]著.-北京:中国轻工业出版社,2001
    84页:图;19×22cm.-(健康人新食谱)
    
    
    ISBN 7-5019-3143-7:CNY18.00
    本书收有《熟地当归煲乳鸽》、《党参炖乌鸡》、《姜母鸭》、《人参排骨汤》、《白果煲牛尾》、《冰糖燕窝》等滋补养生菜谱。
相关链接 在五车中查询图书 在当当中查询图书 在豆瓣中查询图书


正题名:滋补养生炖品     索取号:TS972.1/67         预约/预借

序号 登录号 条形码 馆藏地/架位号 状态 备注
1 320568   300320568   柳城-4楼/68架5列2层/ [索取号:TS972.1/67] 在馆    
2 320569   300320569   海科密-1楼/27架11列6层/ [索取号:TS972.1/67] 在馆    
3 320570   300320570   海科密-1楼/27架11列6层/ [索取号:TS972.1/67] 在馆    
4 320571   300320571   海科密-1楼/27架11列6层/ [索取号:TS972.1/67] 在馆    
5 320572   300320572   柳城-4楼/68架5列2层/ [索取号:TS972.1/67] 在馆    
6 320573   300320573   柳城-4楼/68架5列2层/ [索取号:TS972.1/67] 在馆    
7 320574   300320574   海科密-1楼/27架11列6层/ [索取号:TS972.1/67] 在馆    
8 320575   300320575   海科密-1楼/27架11列6层/ [索取号:TS972.1/67] 在馆    
9 320576   300320576   海科密-1楼/27架11列6层/ [索取号:TS972.1/67] 在馆    
10 320577   300320577   海科密-1楼/27架11列6层/ [索取号:TS972.1/67] 在馆